Prinuždenije meždunarodnogo prava v ramkach sistemy razrešenija sporov WTO

Právna regulácia sporov medzi členskými krajinami WTO. Mechanizmus riešenia sporov v rámci WTO. Riešenie sporov v kontexte DSU (Dispute settlement understanding). Orgán pre riešenie sporov - DSB (Dispute settlement body).

Salvato in:
Dettagli Bibliografici
Autore principale: Mráz, Stanislav
Altri autori: Pyteľová, Klaudia, 1985-
Natura: Capitolo di libro
Lingua:russo
Soggetti:
Tags: Aggiungi Tag
Nessun Tag, puoi essere il primo ad aggiungerne!!

MARC

LEADER 00000naa a2200000 4500
001 0211034
005 20240502083526.8
041 0 |a rus 
044 |a UA 
245 1 0 |a Prinuždenije meždunarodnogo prava v ramkach sistemy razrešenija sporov WTO  |c Stanislav Mráz, Klaudia Pyteľová 
520 |a Právna regulácia sporov medzi členskými krajinami WTO. Mechanizmus riešenia sporov v rámci WTO. Riešenie sporov v kontexte DSU (Dispute settlement understanding). Orgán pre riešenie sporov - DSB (Dispute settlement body). 
610 2 0 |a právo medzinárodné 
610 2 0 |a organizácie medzinárodné 
610 2 0 |a spory súdne 
610 2 0 |a obchod 
100 1 |a Mráz, Stanislav 
700 1 |a Pyteľová, Klaudia, 1985-